000 00347nam a2200145Ia 4500
008 100415s9999 xx 000 0 und d
082 _b11066
_a591.51
100 _aPennycuick Colin
245 _aAnimal Flight
260 _aLONDON
_c1972
_bEDWARD ARNOLD
365 _b0
630 _aAnimal Flight
730 _aAnimal Flight
942 _cBOOK
999 _c593989
_d593986